000 00613cam a2200145 4500500
005 20251228082903.0
041 _afre
042 _adc
100 1 0 _aCourtès, Noémie
_eauthor
245 0 0 _aAurore Gutierrez-Laffond, Théâtre et magie dans la littérature dramatique du XVIIe siècle en France, Villeneuve-d’Ascq, Presses Universitaires du Septentrion, 2003, 426 p.
260 _c2005.
500 _a32
786 0 _nDix-septième siècle | 227 | 2 | 2005-06-01 | p. 355c-376c | 0012-4273
856 4 1 _uhttps://shs.cairn.info/revue-dix-septieme-siecle-2005-2-page-355c?lang=fr&redirect-ssocas=7080
999 _c1599993
_d1599993